Kto kogo zabił? - Statystyki

Ogólne statystyki
  • Ten quiz został rozwiązany 12 razy
  • Średni wynik to 6 z 20
Statystyki odpowiedzi
Osoba Zabita przez % Poprawnych
Król Popiel (podpowiedż: zwierzęta) myszy
92%
Alina (podpowiedź: Słowacki) Balladyna
83%
Achilles Parys
83%
Gabriel Narutowicz Eligiusz Niewiadomski
58%
Mufasa Skaza
58%
John F. Kennedy Lee Harvey Oswald
42%
Meduza Perseusz
42%
Obi-Wan Kenobi Darth Vader
33%
Smok Wawelski Dratewka
33%
Zeus, Heram, Ares, Hades itp. (podpowiedź: Bóg wojny) Kratos
17%
Ned Stark Ilyn Payne
8%
Light Yagami Ryuk
8%
Ozyrys Set
8%
Gus Fring Walter White
8%
Johnny Silverhand Adam Smasher
0%
Generał Shepherd John MacTavish
0%
Abraham Lincoln John Wilkes Booth
0%
Hamlet Laertes
0%
Dimitri Rascalov Nico Bellic
0%
Lew Trocki Ramón Mercader
0%
Nie znaleziono quizów pasujących do podanych kryteriów
Rozkład punktacji
Procent ludzi z każdym wynikiem
Percentyl według liczby udzielonych odpowiedzi
Twoja historia wyników
Nie rozwiązałeś tego quizu